HIGH COURT MISC.APPLICATION NO.647 OF 2002 1.Tropical Commodity Suppliers Limited 2.Country Agencies Limited 3.Ateker Ejalu Vs International Credit Bank(In Liquidation) (Record no. 6055)

MARC details
000 -LEADER
fixed length control field 00477nam a22001097a 4500
008 - FIXED-LENGTH DATA ELEMENTS--GENERAL INFORMATION
fixed length control field 150608b xxu||||| |||| 00| 0 eng d
010 ## - LIBRARY OF CONGRESS CONTROL NUMBER
Field link and sequence number HCMApln.F:119
245 ## - TITLE STATEMENT
Title HIGH COURT MISC.APPLICATION NO.647 OF 2002 1.Tropical Commodity Suppliers Limited 2.Country Agencies Limited 3.Ateker Ejalu Vs International Credit Bank(In Liquidation)
260 ## - PUBLICATION, DISTRIBUTION, ETC. (IMPRINT)
Place of publication, distribution, etc High Court Kampala
500 ## - GENERAL NOTE
Materials specified (Arising out of Civil Suit No.132 of 1998)
500 ## - GENERAL NOTE
Materials specified BEFORE:The Honourable Mr.Justice James Ogoola
Holdings
Withdrawn status Lost status Source of classification or shelving scheme Damaged status Koha normalized classification for sorting Not for loan Location (home branch) Sublocation or collection (holding branch) Shelving location Date acquired Koha issues (times borrowed) Koha full call number Piece designation (barcode) Koha date last seen Price effective from Koha item type Public note
    Dewey Decimal Classification   HCMAPLN__F119   Law Development Centre Main Library Law Development Centre Main Library Reference 06/08/2015   HCMApln.F:119 0093/2015 06/08/2015 06/08/2015 Un Reported Cases Judgement was entered on 21st May 2003